L'enigme du retour: roman
Tallennettuna:
| Päätekijä: | |
|---|---|
| Aineistotyyppi: | Kirja |
| Kieli: | ranska |
| Julkaistu: |
Quebec
Boréal
2011
|
| Painos: | 1a. ed |
| Sarja: | Rincón Canadá
|
| Aiheet: | |
| Tagit: |
Lisää tagi
Ei tageja, Lisää ensimmäinen tagi!
|
MARC
| LEADER | 00000cam a2200000 a 4500 | ||
|---|---|---|---|
| 001 | UCE3634 | ||
| 003 | CL-VaPUC | ||
| 008 | 140911e20110000cn |||||||||||||||||fre|d | ||
| 020 | |a 9782764620793 | ||
| 082 | 0 | 4 | |a C813 |b LAF |2 21 |
| 100 | |a Laferrière, Dany |e author |9 576108 | ||
| 245 | 1 | 0 | |a L'enigme du retour: roman |
| 250 | |a 1a. ed | ||
| 300 | |a 288 p | ||
| 942 | |c BK | ||
| 945 | |d 20140911 14:25:00 |a arojas | ||
| 260 | |a Quebec |b Boréal |c 2011 | ||
| 650 | 0 | |a Novelas canadienses |9 261026 | |
| 650 | 0 | |a Literatura canadiense |9 342826 | |
| 583 | |a last modification |c 20140915 11:56:25 |k Rodrigo Vera | ||
| 490 | 0 | |a Rincón Canadá | |
| 999 | |c 356830 |d 356828 | ||
| 952 | |0 0 |1 0 |3 erb |4 0 |6 C_813_000000000000000_LAF_2011 |7 0 |8 A |9 464587 |a BIBEDU |b BIBEDU |i 5113849 |o C813 LAF 2011 |p 5113849 |r 2019-11-23 |w 2019-11-23 |y BK |z Catalogado en:20140911 |k LIT | ||